1924 1440 1523 1916 1213 1009 1648 1667 1184 1777 1718 1925 1121 1052 1634 1001 1777 1021 1163 1777 1551 1231 1760 1715 1963 1507 1564 1712 1452 1923 1450 1642 1364 1526 1600 1905 1089 1350 1032 1792 1556 1676 1730 1805 1150 1267 1651 1828 1573 1543 1656 1325 1583 1594 1740 1612 1685 1416 1674 1597 1948 1425 1774 1614 1606 1521 1604 1007 1521 1803 1989 1556 1701 1087 1192 1199 1548 1739 1878 1669 1508 1745 1034 1299 1355 1816 1516 1015 1342 1593 1788 1675 1417 1657 1765 1778 1515 1386 1275 BCNSPRNW ULIB Ver.6.0+V

เปลี่ยนเป็นภาษาไทย

Change to English
 แสดงรายละเอียดบรรณานุกรม
  กลับหน้าหลัก

Brief Record : Get Marc (ISO 2709) : E-mail record : QR code < ปิดหน้าต่าง
LEADER : 00000nam 2200000uu 4500
001    13399112873
003     ULIB
008    110914s2552||||th 000 0 tha d
020    9786115000111
090    นว.^bณ411ธ 2552
100 0  ณารา
245 00 ธาราหิมาลัย/^cณารา
250    พิมพ์ครั้งที่ 1
260    กรุงเทพฯ :^bพิมพ์คำ,^c2552
300    480 หน้า
945    ^p290^l0^i15841
995    กัณชพร
999     ^aใช้งานได้ทุกระบบ
รายการนี้ยังไม่มีแท็ก
คุณยังไม่ได้ล็อกอิน คุณสามารถมีกิจกรรมร่วมกับเว็บไซต์ได้ แต่ต้องล็อกอินก่อน ::
  ล็อกอิน

รายการสื่อสารสนเทศ

ลำดับที่ ประเภท เลขเรียก/บาร์โค้ด สถานที่ สถานะ
1. นวนิยาย
นวนิยาย
นว. ณ411ธ 2552  
  Barcode: 15841
ห้องสมุดวิทยาเขตสวรรค์ประชารักษ์
►นวนิยาย
บนชั้น
  ขอยืม

รายการใกล้เคียง
    ผู้แต่ง [ณารา]

BibComment


ยังไม่เคยถูกคอมเมนท์

คอมเมนท์ทรัพยากรรายการนี้
  คอมเมนท์: ธาราหิมาลัย ณารา


 Copyright 2026. Bcnsprnw @Library